| 000 | 00866 a2200229 4500 | ||
|---|---|---|---|
| 001 | 63421 | ||
| 005 | 20260407155932.0 | ||
| 008 | 260407a1967 arg spa d | ||
| 003 | AR-UNSa-BCEJYS | ||
| 040 |
_aAR-UNSa-BCEJYS _bspa _cAR-UNSa-BCEJYS |
||
| 080 |
_a519.85 _xProgramación matemática (Programación lineal) |
||
| 245 | 1 | 0 |
_aProgramación lineal _pSu aplicación a la teoría de la empresa |
| 250 | _a3a. ed. | ||
| 264 | 1 |
_aMadrid : _bAguilar _c1967 |
|
| 300 |
_axv, 133 p. _c18 cm. |
||
| 505 | _a1. Dos maneras de abordar la teoría de la empresa - 2. Empresa competidora con factores fijos - 3. Programas de producción para productos monopolizados - 4. Hipótesis, limitaciones y posibilidades - | ||
| 041 | _aspa | ||
| 942 | _cBK | ||
| 590 | _aniveau_biblio:m niveau_hierar:0 | ||
| 100 | 1 | _aDorfman, Robert | |
| 700 | 1 | _aGarcia Barbancho, Alfonso | |
| 999 |
_c8176 _d8176 |
||